| 000 | 00461cam a22001575a 4500 | ||
|---|---|---|---|
| 020 | _a0471401994 | ||
| 040 | _cUKM | ||
| 082 | _a620 WIL 2002 A040 Or. | ||
| 100 | 1 | _aYeigh, Bjong Wook, | |
| 245 | 1 | 0 |
_aMechanics of materials companion : _bcase studies, design, and retrofit / |
| 260 |
_aNew York : _a[Chichester] : _bWiley, _cc2002 |
||
| 300 |
_avi, 186 p. : _bill. ; _c26 cm |
||
| 650 | 0 | _aStrength of materials | |
| 650 | 0 | _aStrength of materials | |
| 942 | _cEK | ||
| 999 |
_c11913 _d11913 |
||